| 000 | 00585nam a22002057a 4500 | ||
|---|---|---|---|
| 005 | 20240729103712.0 | ||
| 008 | 240729b |||||||| |||| 00| 0 eng d | ||
| 020 |
_a9789357738668 _cRs.2000.00 |
||
| 040 | _aLoreto College | ||
| 041 | _aEnglish | ||
| 082 |
_a791.43 _bRAY-BAN |
||
| 100 | _aBanerjee, Tarapada | ||
| 245 |
_aSatyajit Ray _bThe maestro in black and white _cTarapada Banerjee |
||
| 260 |
_aKolkata _bEastern Zonal Cultural Centre _c2022 |
||
| 300 |
_a120p. _b25cm. |
||
| 650 | _aFilm studies | ||
| 650 | _aPhotographs of Satyajit Ray | ||
| 850 | _aLCLIB | ||
| 942 | _cBK | ||
| 999 |
_c43832 _d94311 |
||